| 000 | 00433nam a2200169 i 4500 | ||
|---|---|---|---|
| 001 | 151091 | ||
| 003 | ES-MaACL | ||
| 005 | 20230906203830.0 | ||
| 007 | t| | ||
| 008 | 071205s1934 fr ||||1| fre d | ||
| 100 | 1 |
_aArnoux, Alexandre. _923122 |
|
| 245 | 1 | 0 |
_aPoésie du hasard / _cAlexandre Arnoux. |
| 250 | _a2e ed. | ||
| 260 |
_aParis : _bBernard Grasset, _c1934. |
||
| 300 |
_a246 p. ; _c19 cm. |
||
| 852 |
_aES-MaACL _jA-2883 |
||
| 999 |
_c151091 _d151091 |
||